| 000 | 00445nam a22001697a 4500 | ||
|---|---|---|---|
| 003 | SGT | ||
| 020 | _a9789380704814 | ||
| 082 |
_a612 _bU11B |
||
| 100 | _aBIJLANI, RL. | ||
| 245 | _aUNDERSTANDING MEDICAL PHYSIOLOFY TB. OF MEDICAL STUDANTS | ||
| 250 | _a4TH | ||
| 260 |
_aINDIA _bJAYPEE PUB _c2011 |
||
| 300 | _a810 | ||
| 650 | _aHUMAN PHYSIOLOGY | ||
| 653 | _aUNDERSTANDING MEDICAL PHYSIOLOFY TB. OF MEDICAL STUDANTS | ||
| 942 |
_2ddc _cBK |
||
| 999 |
_c25272 _d25272 |
||